000 00986nam a2200241Ia 4500
003 IN-BaIIA
008 211028s9999 xx 000 0 eng d
020 _a0-521-79141-3
040 _cIIA Library
080 _a524.352:52-726
_bSUP
111 _aSpace Telescope Science Institute Symposium
_cBaltimore, Maryland
_d1999 May 3-6
_925019
245 0 _aSupernovae and gamma-ray bursts
_bthe greatest explosions sine the big bang; proceedings of the space telescope science institute symposium held in Baltimore, Maryland, May 3-6, 1999
_cedited by Mario Livio, Nino Panagia and Kaliash Sahu
260 _aCambridge
_bCambridge University Press
_c2001
300 _ax, 376p.
490 _aSpace telescope science institute symposium series; 13
650 _aGamma ray bursts
_910403
650 _aSupernova remnants
_96675
650 _aSupernovae
700 _aLivio, Mario, ed.
_913149
700 _aPanagia, Nino, ed.
_921396
700 _aSahu, Kailash., ed.
_925020
942 _cBK
999 _c14193
_d14193